|
|
|
|
| LEADER |
00730naa a2200205 i 4500 |
| 001 |
misc29868 |
| 005 |
20200430142023.0 |
| 008 |
180314s1984 hu o 0|| lat d |
| 020 |
|
|
|a 963-730-154-2
|
| 022 |
|
|
|a 0230-8495
|
| 040 |
|
|
|a SZTE Miscellanea Repozitórium
|b hun
|
| 041 |
|
|
|a lat
|
| 041 |
|
|
|a hun
|
| 100 |
2 |
|
|a Ecsedi Báthory István
|
| 245 |
1 |
0 |
|a Ars orandi
|h [elektronikus dokumentum] /
|c Ecsedi Báthory István
|
| 260 |
|
|
|c 1984
|
| 300 |
|
|
|a 160-168
|
| 490 |
0 |
|
|a Adattár XVI-XVIII. századi szellemi mozgalmaink történetéhez
|v 8
|
| 695 |
|
|
|a Magyar irodalom - 16-17. sz., Vallásos irodalom - református, Meditáció - keresztény
|
| 856 |
4 |
0 |
|u http://misc.bibl.u-szeged.hu/29868/1/ad_008_160-168.pdf
|z Dokumentum-elérés
|